Survival - Statistics

General Stats
  • This quiz has been taken 49 times
  • The average score is 18 of 24
Answer Stats
Question Tile Select % Correct
You can identify a poisonous snake if it has... Thick, heavy body No
95%
What should you do if a mountain lion is staring at you from less than 150 feet away? Climb a tree No
91%
Which acronym should you remember if you get lost? PAUSE: Plan, Analyze, Use wisdom, Shout, Endure No
91%
Which acronym should you remember if you get lost? STAY: Search, Think, Analyze, Yell No
91%
If you get lost, what should you do? Scream for help No
88%
You can identify a poisonous snake if it has... Vertical pupils No
88%
Avoid eating plants that... Has carrot-like roots and leaves No
86%
If you have frostbite you should... Rub the frozen body parts with snow No
86%
What should you do if a mountain lion is staring at you from less than 150 feet away? Run towards it to scare it away No
84%
If you get lost, what should you do? Go back in the direction you think you came from No
81%
What should you do if a mountain lion is staring at you from less than 150 feet away? Turn your back to indicate that you are not a threat No
77%
If you have frostbite you should... All of the above No
74%
Avoid eating plants that... Smell like almonds No
72%
What should you do if a mountain lion is staring at you from less than 150 feet away? Look big and talk in a deep voice Yes
70%
Which acronym should you remember if you get lost? STOP: Stop, Think, Observe, Plan Yes
70%
Which acronym should you remember if you get lost? WASF: Water, Air, Shelter, Food No
70%
If you get lost, what should you do? Stay calm and stay put Yes
67%
If you get lost, what should you do? Climb a tree or a high structure to signal for help No
63%
You can identify a poisonous snake if it has... A large, triangular head No
60%
You can identify a poisonous snake if it has... All of the above Yes
60%
If you have frostbite you should... Drink lots of water No
60%
Avoid eating plants that... Have purple, black, or pink seeds No
58%
Avoid eating plants that... All of the above Yes
47%
If you have frostbite you should... Exercise Yes
37%
No matching quizzes found
Score Distribution
Percent of People with Each Score
Percentile by Number Answered
Your Score History
You have not taken this quiz